| Tag |
First Indicator |
Second Indicator |
Subfields |
| LEADER |
00000pam a2200000 i 4500 |
| 001 |
in00000079448 |
| 005 |
20151008052848.0 |
| 008 |
790713s1980 maua b 00110 eng |
| 010 |
|
|
|a 79018154
|
| 020 |
|
|
|a 0205067522
|
| 035 |
|
|
|a (OCoLC)05412675
|
| 035 |
|
|
|9 AAH5209AM
|
| 040 |
|
|
|a DLC
|c DLC
|d TXA
|d UtOrBLW
|
| 049 |
|
|
|a TXAM
|c [981108]
|
| 050 |
0 |
0 |
|a QA135.5
|b .C78
|
| 082 |
0 |
|
|a 372.7
|
| 100 |
1 |
|
|a Cruikshank, Douglas E.,
|d 1941-
|
| 245 |
1 |
0 |
|a Young children learning mathematics /
|c Douglas E. Cruikshank, David L. Fitzgerald, Linda R. Jensen.
|
| 264 |
|
1 |
|a Boston :
|b Allyn and Bacon,
|c [1980]
|
| 264 |
|
4 |
|c ©1980
|
| 300 |
|
|
|a xi, 348 pages :
|b illustrations ;
|c 24 cm.
|
| 336 |
|
|
|a text
|b txt
|2 rdacontent
|
| 337 |
|
|
|a unmediated
|b n
|2 rdamedia
|
| 338 |
|
|
|a volume
|b nc
|2 rdacarrier
|
| 504 |
|
|
|a Includes bibliographies and index.
|
| 650 |
|
0 |
|a Mathematics
|x Study and teaching (Preschool)
|
| 650 |
|
0 |
|a Mathematics
|x Study and teaching (Elementary)
|
| 700 |
1 |
|
|a Fitzgerald, David L.
|
| 700 |
1 |
|
|a Sheffield, Linda Jensen,
|d 1949-
|
| 999 |
|
|
|a MARS
|
| 999 |
f |
f |
|s 0564c602-4b9f-33b5-a97f-308b525cadf3
|i 0459e55a-688b-3c8b-922c-5fb86d02fb59
|t 0
|
| 952 |
f |
f |
|p ric
|a Texas A&M University
|b Rellis Campus
|c Joint Library Facility
|d Remote Storage
|t 0
|e QA135.5 .C78
|h Library of Congress classification
|i unmediated -- volume
|m A14804472696
|
| 998 |
f |
f |
|a QA135.5 .C78
|t 0
|l Remote Storage
|